Trabajos del Instituto Nacional de Ciencias Médicas. (Record no. 176688)
[ view plain ]
| 000 -LEADER | |
|---|---|
| campo de control de longitud fija | 00977nas a2200229 i 4500 |
| 001 - NÚMERO DE CONTROL | |
| campo de control | 176688 |
| 003 - IDENTIFICADOR DE NÚMERO DE CONTROL | |
| campo de control | ES-MaACL |
| 005 - FECHA Y HORA DE LA ÚLTIMA TRANSACCIÓN | |
| campo de control | 20230906220148.0 |
| 008 - DATOS DE LONGITUD FIJA--INFORMACIÓN GENERAL | |
| campo de control de longitud fija | 110202d19431948sp q|yp | ||pa d |
| 022 ## - NÚMERO INTERNACIONAL NORMALIZADO PARA PUBLICACIONES SERIADAS | |
| Número Internacional Normalizado para Publicaciones Seriadas | 0371-7879 |
| 245 00 - MENCIÓN DEL TÍTULO | |
| Título | Trabajos del Instituto Nacional de Ciencias Médicas. |
| 260 ## - PUBLICACIÓN, DISTRIBUCIÓN, ETC. | |
| Lugar de publicación, distribución, etc. | Madrid : |
| Nombre del editor, distribuidor, etc. | Consejo Superior de Investigaciones Científicas, |
| Fecha de publicación, distribución, etc. | 1943-1948. |
| 300 ## - DESCRIPCIÓN FÍSICA | |
| Extensión | 6 v. : |
| Otras características físicas | il. bl. y n. ; |
| Dimensiones | 25 cm. |
| 310 ## - PERIODICIDAD ACTUAL | |
| Periodicidad actual | Trimestral |
| 505 8# - NOTA DE CONTENIDO CON FORMATO | |
| Nota de contenido con formato | Contiene: Curso 1942-43.- v. VI y VII. Curso 1945-46.- v. VIII. Curso 1946-47.- v. IX. 2º Trimestre.- v. X. 3er Trimestre |
| 546 ## - NOTA DE IDIOMA | |
| Nota de lengua/lenguaje | Resúmenes en español, francés, inglés y alemán. |
| 650 04 - PUNTO DE ACCESO ADICIONAL DE MATERIA--TÉRMINO DE MATERIA | |
| Término de materia o nombre geográfico como elemento de entrada | Medicina- |
| Subdivisión general | Publicaciones periódicas- |
| Subdivisión geográfica | España. |
| 9 (RLIN) | 14916 |
| 710 2# - ENTRADA AGREGADA--NOMBRE DE ENTIDAD CORPORATIVA | |
| Nombre de entidad corporativa o nombre de jurisdicción como elemento de entrada | Instituto Nacional de Ciencias Médicas (España) |
| 9 (RLIN) | 5146 |
| 710 2# - ENTRADA AGREGADA--NOMBRE DE ENTIDAD CORPORATIVA | |
| Nombre de entidad corporativa o nombre de jurisdicción como elemento de entrada | Consejo Superior de Investigaciones Científicas (España) |
| 9 (RLIN) | 3236 |
| 785 00 - ENTRADA/ENLACE A UN TÍTULO POSTERIOR | |
| Encabezamiento principal | Archivos de medicina experimental |
| 852 ## - LOCALIZACIÓN | |
| Ubicación | ES-MaACL |
| Número de control de estantería | E-14151-56 |
| Encuadernación | Olim P-558-bis |
| Estatus retirado | Estado de pérdida | Estado de daño | No para préstamo | Colección | Biblioteca de origen | Biblioteca actual | Ubicación en estantería | Fecha de adquisición | Fuente de adquisición | Total de préstamos | Signatura topográfica completa | Código de barras | Visto por última vez | Precio de reemplazo | Tipo de ítem Koha |
|---|---|---|---|---|---|---|---|---|---|---|---|---|---|---|---|
| Periódicos y Revistas | Biblioteca del Ateneo de Madrid | Biblioteca del Ateneo de Madrid | Depósito 2 | 02/02/2011 | E-14151-56 | 1185564 | 23/02/2023 | 23/02/2023 | Revista |
